Jeddah today : 2012.
| Format: | Book |
|---|---|
| Published: |
Jeddah:
Jeddah Chamber of Commerce & Industry,
2012.
|
| Edition: | 22nd ed. |
| Subjects: |
| LEADER | 00438cam a2200145 7i4500 | ||
|---|---|---|---|
| 001 | 0000028325 | ||
| 005 | 20120926090000.0 | ||
| 090 | 0 | 0 | |a SAUD 338.7025 |b JED |
| 245 | 0 | 0 | |a Jeddah today : |b 2012. |
| 250 | 0 | 0 | |a 22nd ed. |
| 260 | 0 | 0 | |a Jeddah: |b Jeddah Chamber of Commerce & Industry, |c 2012. |
| 300 | # | # | |a 573 p. |
| 650 | 0 | 0 | |a Business -- |x Directories -- |z Saudi Arabia |
| 651 | 0 | 0 | |a Saudi Arabia |
| 999 | |a 0000030808 |b Book |c Countries |e Business Information Centre | ||